LEADER 01619nam a2200229 i 4500 001 000000249840 003 CaOOAMICUS 005 20160627000000.0 008 160627s1722 it u000 u lat u 013 $a228745 026 $a*,m- 4.u- e-ex sasu (3) 1722 (R) 040 $aSeMil$bita 245 10$aTomus 9. 300 $a[16], 520 p. 500 $aSegn. : a8 A-2G8 2H-2I10. - Lascito Card. C.M. Martini. 500 $aMarca editoriale: Aquila bicipite con una corona tra le due teste. In una cornice vegetale; in basso al centro iniziali PB intrecciate simmetricamente (Repertorio consultato: Marte, BNC Roma). 773 0 $aPignatelli, Giacomo <1625-1698>$tJacobi Pignatelli ... Consultationum canonicarum. Tomus 1. [-11] in quo praecipuae controversiae de iis, quae ad sanctorum canonizationem, ac sacros ritus; ad sac. Concilium Tridentinum; ad episcopos, & regulares; ad immunitatem, libertatem, ... Opus omnibus utriusque fori judicibus, juriconsultis ac politici studii mmystis, in primisque summorum pontificum, & rerumpublicanarum consiliariis, & advocatis utile plane ac necessarium. Cum duplici indice, altero consultationum ... altero rerum notabilium ex pluribus in unum generalem coacto, singularique volumine comprehenso.$bEditio quarta veneta summo studio recognita, multis in locis aucta, & a mendis repurgata.$dVenetiis : Ex Typographia Balleoniana, 1722.$g9$w()5383 850 $aSeMil 852 $aSeMil$W1$xVenegono$y1$m2J VI 78 FA$j200186$B200186$CSeMilBibl$Z2$F211734 $8I 941 1 $a4 961 $aLascito: Martini Card. Carlo Maria 996 $6245$aTomus 9$9(OLS)http://semarc/title/308143 LEADER 01031nam a2200205 i 4500 001 000000217604 003 CaOOAMICUS 005 20121210000000.0 008 121210s1797 it u000 u ita u 013 $a196501 026 $ab-to edti r-n- brdi (3) 1797 (R) 040 $aSeMil$bita 245 10$aTomo 8. 300 $a276 p. 500 $aSegn. : A-L12 M6. 773 0 $aBenedictus XIV $tDecisioni di casi di coscienza e di dottrina canonica fatte nella diocesi di Bologna per ordine, e giusta la mente dell'em. card. Prospero Lambertini arcivescovo di detta cittą, e poscia sommo pontefice Benedetto 14. Tomo 1. [-18.].$bQuarta edizione ricorretta e di nuovi casi pratici aumentata per opera d'un religioso domenicano ...$dMediolani : Presso Giuseppe Rossi qu. Bortolo, 1797.$g8$w()27807 850 $aSeMil 852 $aSeMil$W1$xVenegono$y1$m2F II 60 FA$j168018$B168018$CSeMilBibl$Z2$F178795 $8I 961 $aOmaggio: Biblioteca Seminario Duomo 996 $6245$aTomo 8$9(OLS)http://semarc/title/194413 LEADER 01687nam a2200265 i 4500 001 000000029922 003 CaOOAMICUS 005 20260409091109.0 008 180830s1771 it u000 u ita u 040 $aSeMil$bita 100 1 $aPicquigny, Bernardin : de,$d<1633-1707>.$0(OLS)http://semarc/name/5681 245 10$aDichiarazione letterale delle pistole di S. Paolo con una breve ma utile comentazione estratta dall'opera della triplice esposizione del M.R.P. Bernardino de Picquigny teologo cappuccino e in due tomi compilata. Tomo 1. [-2.]. 264 1$aGenova :$bNella Stamperia d'Adamo Scionico sulla Piazza di S. Lorenzo : appresso Ivone Gravier librajo sotto la Loggia di Banchi,$c1771. 300 $a2 v. ;$c4°. 500 $aFregio xilogr. sul front. 500 $aFregi, vignette xilogr. 500 $aLegati insieme i 2 vol. 650 4$aBibbia. Nuovo Testamento. Lettere di Paolo - Commentari, studi, critica, interpretazioni.$0(OLS)http://semarc/subject/935 700 1 $aScionico, Adamo,$c.$0(OLS)http://semarc/name/13674 700 1 $aGravier, Yves,$c.$0(OLS)http://semarc/name/13675 774 0 $tTomo 1.$g1$w()229853 774 0 $tTomo 2.$g2$w()229854 996 $6245$aDichiarazione letterale delle pistole di S. Paolo con una breve ma utile comentazione estratta dall'opera della triplice esposizione del M.R.P. Bernardino de Picquigny teologo cappuccino e in due tomi compilata. Tomo 1. [-2.]$9(OLS)http://semarc/title/40706 996 $6264$aGenova :$bNella Stamperia d'Adamo Scionico sulla Piazza di S. Lorenzo : appresso Ivone Gravier librajo sotto la Loggia di Banchi$9(OLS)http://semarc/publisher/38290